Sports Quiz

Random Sports or Basketball Quiz

NBA Most Playoff Blocks (1990s) Quiz Stats

 Plays Quiz Updated May 5, 2016

Challenge
Share
Tweet
Embed
Score 0/80 Timer 15:00
3 Plays Today
Year Answer % Correct
1996Patrick Ewing, Luc Longley, David Robinson
96%
1999David Robinson
95.4%
1998David Robinson
95.4%
1995David Robinson
95.4%
1993David Robinson
95.4%
1991David Robinson
95.4%
1990David Robinson
95.4%
1999Tim Duncan
95.1%
1998Tim Duncan
95.1%
1992Cliff Robinson
94.7%
1990Cliff Robinson
94.7%
1998Karl Malone & Scottie Pippen
94.4%
1999Dikembe Mutombo & Shaquille O'Neal
94.3%
1998Shaquille O'Neal
94.2%
1995Shaquille O'Neal
94.2%
1997Michael Jordan & Shaquille O'Neal
94.1%
1993Patrick Ewing & Alonzo Mourning
93.7%
1990Patrick Ewing & Jerome Kersey
93.3%
1997Patrick Ewing
93.2%
1995Patrick Ewing
93.2%
1994Patrick Ewing
93.2%
1992Patrick Ewing
93.2%
1996Ervin Johnson & Shaquille O'Neal
92.1%
1991Clyde Drexler & Cliff Robinson
90.1%
1997Hakeem Olajuwon
88.9%
1996Hakeem Olajuwon
88.9%
1995Hakeem Olajuwon
88.9%
1994Hakeem Olajuwon
88.9%
1997Dikembe Mutombo
85.9%
1994Dikembe Mutombo
85.9%
1997Shawn Kemp & Luc Longley
83.7%
1992Jerome Kersey & Karl Malone
83.3%
1996Shawn Kemp
81.9%
1993Shawn Kemp
81.9%
1993Oliver Miller & Hakeem Olajuwon
81.5%
1997Scottie Pippen
80.8%
1996Scottie Pippen
80.8%
1992Scottie Pippen
80.8%
1991Scottie Pippen
80.8%
1990Scottie Pippen
80.8%
Year Answer % Correct
1991Michael Jordan
79%
1997Alonzo Mourning
78%
1990Mike Gminski & Hakeem Olajuwon
74.1%
1993Charles Barkley & Sam Perkins
73.9%
1995Clyde Drexler & Penny Hardaway
66.3%
1994Antonio Davis & Horace Grant
65%
1992Clyde Drexler
65%
1995Horace Grant
63.8%
1992Horace Grant
63.8%
1999Brian Grant
63.5%
1999Dale Davis & Theo Ratliff
54.2%
1998Antonio Davis, Dale Davis, Ron Harper
54%
1994Dale Davis
53.3%
1991Sam Perkins
48.5%
1992Mark Eaton
48.3%
1999Arvydas Sabonis & Rik Smits
48.2%
1999Greg Ostertag
46.3%
1998Greg Ostertag
46.3%
1997Greg Ostertag
46.3%
1996Greg Ostertag
46.3%
1991Vlade Divac
44.6%
1991Kevin McHale
40.8%
1995Charles Smith
40.4%
1994Charles Smith
40.4%
1991Benoit Benjamin & Mark Eaton
38.9%
1994Robert Horry, Andrew Lang, Felton Spencer
38.2%
1995Robert Horry
37.9%
1992Scott Williams
34.2%
1999Marcus Camby
31.5%
1998Eddie Jones
31%
1992Larry Nance
29.7%
1991John Salley
28.4%
1990John Salley
28.4%
1995Elden Campbell
22.4%
1993Dan Majerle
19.6%
1996Felton Spencer
19.5%
1997PJ Brown
17.7%
1993Mark West
17.2%
1990Mark West
17.2%
1990Wayne Cooper
14.3%

You're not logged in!

Compare scores with friends on all Sporcle quizzes.
Join for Free
OR
Log In

You Might Also Like...

Show Comments

Extras

Top Quizzes Today


Score Distribution

Your Account Isn't Verified!

In order to create a playlist on Sporcle, you need to verify the email address you used during registration. Go to your Sporcle Settings to finish the process.

Report this User

Report this user for behavior that violates our Community Guidelines.

Details: